| 000 | 00858nam a22002297a 4500 | ||
|---|---|---|---|
| 001 | 7484 | ||
| 003 | FISKH | ||
| 005 | 20250722085753.0 | ||
| 008 | 250721b cb ||||| |||| 00| 0 eng d | ||
| 020 | _a9781108742979 | ||
| 040 |
_aFISKH _beng _cFISKH _dFISKH |
||
| 050 | _aPZ7 | ||
| 082 | _a550 | ||
| 100 | _aBaxter, Fiona | ||
| 245 |
_aCambridge primary Science : _bLearner's book 6 / _cFiona Baxter & Liz Dilley |
||
| 260 |
_aUnited Kingdom : _bCambridge University Press, _c2021. |
||
| 300 |
_a118 pages : _bcolor illustrations ; _c28 cm |
||
| 520 | _aFrom finding out how the respiratory system works, to identifying reactants and products in checmical reactions, Cambridge Primary Science gets your learners thingking like scientist! | ||
| 650 |
_aScience _vPlan Expiriments _xPrediction |
||
| 700 |
_aDilley, Liz _eAuthor |
||
| 942 |
_2ddc _cBK _n0 |
||
| 999 |
_c7484 _d7484 |
||